000 00297nam a22001337a 4500
008 180314b xxu||||| |||| 00| 0 eng d
020 _a4526904013008
041 _aeng
080 _a159.9
100 _a49
101 _aPSI
245 _aIntroduction to Psychology
_cMaki, R.H
942 _2udc
_cBK
999 _c44973
_d44973